书目信息 |
| 题名: |
施工企业经营管理学
|
|
| 作者: | 石勇民 主编 | |
| 分册: | ||
| 出版信息: | 北京 人民交通出版社 2001.06 |
|
| 页数: | 299页 | |
| 开本: | 26cm | |
| 丛书名: | ||
| 单 册: | ||
| 中图分类: | F407.96 | |
| 科图分类: | ||
| 主题词: | 工业经济--经济理论 | |
| 电子资源: | ||
| ISBN: | 7-114-03865-8 | |
| 000 | 00583nam0 2200193 45 | |
| 001 | 8032156353 | |
| 005 | 1980012208555607 | |
| 010 | @a7-114-03865-8@b压膜@dRMB 33.00 | |
| 100 | @a19800122d2001 km y0chiy0120 ea | |
| 101 | 0 | @achi |
| 102 | @aCN@b110000 | |
| 200 | 1 | @a施工企业经营管理学@Ashi gong qi ye jing ying guan li xue@f石勇民主编@Fshi yong min zhu bian |
| 210 | @a北京@c人民交通出版社@d2001.06 | |
| 215 | @a299页@d26cm | |
| 606 | 0 | @a工业经济@x经济理论 |
| 690 | @aF407.96@v3 | |
| 701 | 0 | @a石勇民@Ashi yong min@4主编 |
| 801 | 0 | @aCN@bPFT@c19800122 |
| 905 | @a10447@dF407.96@eS548 | |
| 施工企业经营管理学/石勇民主编.-北京:人民交通出版社,2001.06 |
| 299页;26cm |
| ISBN 7-114-03865-8(压膜):RMB 33.00 |
| ● |
| 相关链接 |
|
|
|
正题名:施工企业经营管理学
索取号:F407.96/S548
 
预约/预借
| 序号 | 登录号 | 条形码 | 馆藏地/架位号 | 状态 | 备注 |
| 1 | 364198 | 203641988 | 社科库409/409社科库 35排2列3层/ [索取号:F407.96/S548] | 在馆 | |
| 2 | 364199 | 203641997 | 社科二线422/409社科库 35排4列1层/ [索取号:F407.96/S548] | 在馆 |